| 000 | 00590nam a2200169 4500 | ||
|---|---|---|---|
| 999 |
_c12556 _d12556 |
||
| 008 | 240220b ||||| |||| 00| 0 eng d | ||
| 040 | _aBMS College of Architecture | ||
| 100 | _aChandana V Bala | ||
| 245 | _aAkshara: New generation City Central Library, A futuristic community space, Bengaluru | ||
| 300 | _a76p. | ||
| 500 | _a1CF19AT020 | ||
| 502 |
_8B,Arch _NBMS College of Architecture, Visvesvaraya Technological University (VTU) _aProject report _d2023 |
||
| 650 | _a Library, community space | ||
| 700 |
_aMamatha P Raj _eGuide |
||
| 710 |
_aSindhu S _aGuide |
||
| 942 |
_2ddc _cTHE |
||